000
00198nam a22000857a 4500
008
160808b xxu||||| |||| 00| 0 eng d
100
_9
66
_a
Sachs M
245
_a
The Bear's House
260
_a
USA
_b
MacMillan
999
_c
2718
_d
2718